All German Bundesliga Football Teams Ever - Statistics

General Stats
  • This quiz has been taken 221 times
  • The average score is 35 of 56
Answer Stats
Answer % Correct
Bayern Munich
99%
Borussia Dortmund
98%
Hamburger SV
95%
Bayer Leverkusen
92%
1. FC Köln
91%
Eintracht Frankfurt
90%
Hertha BSC
90%
Schalke 04
90%
VfB Stuttgart
90%
Werder Bremen
89%
RB Leipzig
87%
VfL Wolfsburg
87%
Borussia Mönchengladbach
85%
Union Berlin
85%
1. FC Nürnberg
84%
Dynamo Dresden
82%
FC Augsburg
81%
Hannover 96
80%
Mainz 05
79%
FC 08 Homburg
78%
SC Freiburg
77%
Fortuna Düsseldorf
76%
1. FC Kaiserslautern
74%
1899 Hoffenheim
73%
FC St. Pauli
72%
Arminia Bielefeld
70%
VfL Bochum
69%
Hansa Rostock
65%
Rot-Weiss Essen
64%
Darmstadt 98
62%
SpVgg Greuther Fürth
62%
FC Ingolstadt
61%
Alemannia Aachen
60%
Karlsruher SC
60%
MSV Duisburg
59%
Eintracht Braunschweig
57%
SC Paderborn 07
54%
1860 Munich
52%
1. FC Saarbrücken
52%
Waldhof Mannheim
52%
Energie Cottbus
50%
Preußen Münster
45%
SSV Ulm 1846
45%
Kickers Offenbach
37%
Wuppertaler SV
37%
KFC Uerdingen
35%
Rot-Weiß Oberhausen
31%
Tennis Borussia Berlin
31%
SpVgg Unterhaching
30%
Stuttgarter Kickers
30%
Tasmania Berlin
30%
Fortuna Köln
27%
Lokomotive Leipzig
27%
SG Wattenscheid 09
20%
Blau-Weiß 90 Berlin
18%
Borussia Neunkirchen
15%
No matching quizzes found
Score Distribution
Percent of People with Each Score
Percentile by Number Answered
Your Score History
You have not taken this quiz